000 00868cab a2200229 4500
001 WB3503-05
008 090401t1999 xxu||||| |||| 00| 0 eng d
035 _a(Sirsi) u90757
041 _aeng
245 _aOffice bricks and mortar
260 _c1999
350 _a0
490 _aSunday Business
_v17 January 1999, 8(1)
520 _aBusinesses and landlords can make up to £150,000 a year by allowing telephone masts to be erected on their buildings or renting out vacant space to film companies. NatWest has just signed a £2m deal with Cellnet to allow for the installation of compact aerials on 100 NatWest properties around London.
650 _aADVERTISING HOARDINGS
650 _aFILM LOCATIONS
650 _aTELECOMMUNICATIONS MASTS
650 _aVACANT PROPERTY
690 _aPROPERTY-COMMERCIAL PROPERTY
942 _n0
948 _c19/01/1999
999 _c57553
_d57553